<?xml version="1.0" encoding="UTF-8"?>
<record
    xmlns:xsi="http://www.w3.org/2001/XMLSchema-instance"
    xsi:schemaLocation="http://www.loc.gov/MARC21/slim http://www.loc.gov/standards/marcxml/schema/MARC21slim.xsd"
    xmlns="http://www.loc.gov/MARC21/slim">

  <leader>01523nab a2200253   4500</leader>
  <controlfield tag="003">AR-RoBPED</controlfield>
  <controlfield tag="005">20260429154504.0</controlfield>
  <controlfield tag="008">260429b        |||||||| |||| 00| 0 spa d</controlfield>
  <datafield tag="040" ind1=" " ind2=" ">
    <subfield code="a">AR-RoBPED</subfield>
  </datafield>
  <datafield tag="041" ind1=" " ind2=" ">
    <subfield code="a">spa </subfield>
  </datafield>
  <datafield tag="100" ind1="1" ind2=" ">
    <subfield code="a">P&#xE9;rez Lindo, Paula</subfield>
    <subfield code="9">22099</subfield>
    <subfield code="e">Profesora en Ciencias del Lenguaje y la Comunicaci&#xF3;n</subfield>
  </datafield>
  <datafield tag="245" ind1="1" ind2=" ">
    <subfield code="a">Planificaci&#xF3;n, producci&#xF3;n y an&#xE1;lisis de las consignas en la escuela media /</subfield>
  </datafield>
  <datafield tag="260" ind1=" " ind2=" ">
    <subfield code="a">Buenos Aires :</subfield>
    <subfield code="b">Noveduc,</subfield>
    <subfield code="c">2023</subfield>
  </datafield>
  <datafield tag="300" ind1=" " ind2=" ">
    <subfield code="a">28-31 p. </subfield>
  </datafield>
  <datafield tag="500" ind1=" " ind2=" ">
    <subfield code="a">En este trabajo, la autora destaca la importancia de tener en cuenta diferentes aspectos por parte de los docentes al momento de la redacci&#xF3;n de las consignas escolares. Tambi&#xE9;n propone reflexionar sobre las caracter&#xED;sticas textuales y discursivas de un enunciado destinado a regular, ordenar, dirigir el aprendizaje y la construcci&#xF3;n escrituraria de los alumnos y promover un proyecto articulado con las diferentes &#xE1;reas con la finalidad de favorecer en los estudiantes el desarrollo de habilidades cognitivas, metacognitivas y comunicativas relacionadas con la producci&#xF3;n escrita dentro del contexto del aula y fuera de ella. </subfield>
  </datafield>
  <datafield tag="650" ind1=" " ind2="7">
    <subfield code="a">DOCENTES</subfield>
    <subfield code="9">344</subfield>
  </datafield>
  <datafield tag="650" ind1=" " ind2="7">
    <subfield code="a">ESCRITURA</subfield>
    <subfield code="9">114</subfield>
  </datafield>
  <datafield tag="650" ind1=" " ind2="7">
    <subfield code="a">ACTIVIDADES DE APRENDIZAJE</subfield>
    <subfield code="9">783</subfield>
  </datafield>
  <datafield tag="650" ind1=" " ind2="7">
    <subfield code="a">REDACCION</subfield>
    <subfield code="9">4463</subfield>
  </datafield>
  <datafield tag="650" ind1=" " ind2="7">
    <subfield code="a">EVALUACION DEL ALUMNO</subfield>
    <subfield code="9">5394</subfield>
  </datafield>
  <datafield tag="773" ind1="0" ind2=" ">
    <subfield code="0">20414</subfield>
    <subfield code="9">40098</subfield>
    <subfield code="d">Buenos Aires :  Noveduc,  1993-</subfield>
    <subfield code="t">Novedades Educativas</subfield>
    <subfield code="w">(AR-RoBPED)20414</subfield>
    <subfield code="x">03283534</subfield>
  </datafield>
  <datafield tag="942" ind1=" " ind2=" ">
    <subfield code="2">udc</subfield>
    <subfield code="c">REV</subfield>
    <subfield code="h">37(05)</subfield>
    <subfield code="m">Nov 86 N&#xB0; 393 (Dic.2023)</subfield>
    <subfield code="a">k.32699</subfield>
  </datafield>
  <datafield tag="945" ind1=" " ind2=" ">
    <subfield code="a">mar 04/2026</subfield>
  </datafield>
  <datafield tag="999" ind1=" " ind2=" ">
    <subfield code="c">32669</subfield>
    <subfield code="d">32669</subfield>
  </datafield>
</record>
